[Event "TCh-ISR 2018"]
[Site "Israel ISR"]
[Date "2018.01.05"]
[Round "1.5"]
[Board "2"]
[White "Iakymov, Volodymyr"]
[Black "Zifroni, Dov"]
[Result "1/2-1/2"]
[WhiteTitle "IM"]
[BlackTitle "GM"]
[WhiteElo "2442"]
[BlackElo "2440"]
[WhiteTeam "Haifa Chess Club-Nesher"]
[BlackTeam "Herzliya Chess Club"]
[WhiteFideId "14110164"]
[BlackFideId "2800659"]
[EventDate "2018.01.05"]

1. e4 c5 2. Nc3 Nc6 3. g3 g6 4. Bg2 Bg7 5. d3 d6 6. Be3 Rb8 7. Qd2 b5 8. a3 a5
9. Nge2 b4 10. axb4 axb4 11. Nd1 Nd4 12. O-O e5 13. Nc1 Ne7 14. f4 exf4 15. Bxf4
O-O 16. c3 bxc3 17. bxc3 Ne6 18. Bh6 d5 19. Bxg7 Kxg7 20. exd5 Nxd5 21. Ra7 Rb6
22. Nf2 Nf6 23. Qa2 Nc7 24. Qa5 Qd6 25. c4 Ne6 26. Ne2 Rb2 27. Qc3 Rxe2 28. Ne4
Qd4+ 29. Qxd4 cxd4 30. Nxf6 Nc5 31. Ra3 Bf5 32. Nh5+ Kh6 33. Nf4 Rd2 34. Rf2
Rxf2 35. Kxf2 g5 36. Bh3 Bxh3 37. Nxh3 Rb8 38. Ng1 1/2-1/2

[Event "TCh-ISR 2018"]
[Site "Israel ISR"]
[Date "2018.01.05"]
[Round "1.5"]
[Board "4"]
[White "Zhizmer, Yuri"]
[Black "Caspi, Israel"]
[Result "0-1"]
[WhiteTitle "IM"]
[BlackTitle "IM"]
[WhiteElo "2314"]
[BlackElo "2461"]
[WhiteTeam "Haifa Chess Club-Nesher"]
[BlackTeam "Herzliya Chess Club"]
[WhiteFideId "14108852"]
[BlackFideId "2807394"]
[EventDate "2018.01.05"]

1. b3 e5 2. Bb2 Nc6 3. e3 d5 4. Bb5 Bd6 5. Nf3 f6 6. d4 e4 7. Nfd2 f5 8. c4 Nf6
9. Nc3 a6 10. Ba4 O-O 11. a3 f4 12. Bxc6 bxc6 13. Nf1 Ng4 14. Qe2 fxe3 15. fxe3
Rf2 16. Qxf2 Nxf2 17. Kxf2 Qh4+ 18. Kg1 Be6 19. c5 Rf8 0-1

[Event "TCh-ISR 2018"]
[Site "Israel ISR"]
[Date "2018.01.05"]
[Round "1.5"]
[Board "6"]
[White "Frenkel, Ran"]
[Black "Gindi, Shachar"]
[Result "1/2-1/2"]
[BlackTitle "FM"]
[WhiteElo "2189"]
[BlackElo "2397"]
[WhiteTeam "Haifa Chess Club-Nesher"]
[BlackTeam "Herzliya Chess Club"]
[WhiteFideId "2815974"]
[BlackFideId "2804182"]
[EventDate "2018.01.05"]

1. d4 d5 2. c4 e6 3. Nc3 c5 4. e3 Nf6 5. Nf3 a6 6. a3 dxc4 7. Bxc4 b5 8. Bd3
Nbd7 9. O-O Bb7 10. Bc2 Be7 11. Qe2 O-O 12. Rd1 Qb8 13. e4 cxd4 14. Nxd4 Ne5 15.
f4 Ng6 16. e5 Nd5 17. Nxd5 Bxd5 18. Be4 Rd8 19. Bxd5 Rxd5 20. Be3 Bc5 21. g3 Qb6
22. Nc2 Rad8 23. Rxd5 Rxd5 24. b4 Bxe3+ 25. Nxe3 Rd4 26. Kf2 Ne7 27. Rd1 Nf5 28.
Rxd4 Qxd4 29. Kf3 Qc3 30. Kf2 Qxa3 31. Nxf5 exf5 32. Qd2 h6 33. Qd8+ Kh7 34. Qd7
Qa2+ 35. Kg1 Qe6 36. Qxe6 fxe6 37. Kf2 g5 38. Ke3 gxf4+ 39. gxf4 Kg6 40. h3 Kh5
41. Kf3 Kh4 42. Kg2 Kh5 43. Kf3 Kh4 44. Kg2 Kh5 45. Kf2 1/2-1/2

[Event "TCh-ISR 2018"]
[Site "Israel ISR"]
[Date "2018.01.05"]
[Round "1.6"]
[Board "1"]
[White "Steinberg, Nitzan"]
[Black "Flom, Gabriel"]
[Result "1/2-1/2"]
[WhiteTitle "GM"]
[BlackTitle "IM"]
[WhiteElo "2512"]
[BlackElo "2493"]
[WhiteTeam "Hapoel Petah Tikva"]
[BlackTeam "Jerusalem Tenth"]
[WhiteFideId "2801795"]
[BlackFideId "621650"]
[EventDate "2018.01.05"]

1. e4 e6 2. d4 d5 3. e5 c5 4. c3 Nc6 5. Nf3 Qb6 6. Na3 Bd7 7. Nc2 f6 8. Bd3 fxe5
9. Nxe5 Nxe5 10. dxe5 O-O-O 11. O-O Qc7 12. f4 Ne7 13. Be3 g5 14. f5 h6 15. fxe6
Bxe6 16. Rf6 Qxe5 17. Bxc5 Qxf6 18. Bd4 Qf7 19. Bxh8 Nc6 20. Bd4 Nxd4 21. Nxd4
Bc5 22. Qd2 Rf8 23. Qe3 Bd7 24. Rf1 Qg7 25. Rxf8+ Qxf8 26. Qe5 Qd6 27. Qh8+ Kc7
28. g3 Qe6 29. Kg2 Qh3+ 30. Kg1 Qe6 31. Kf2 Qd6 32. Kg1 Qe6 33. Kf2 Qh3 34. Kg1
Qe6 35. Kf2 1/2-1/2

[Event "TCh-ISR 2018"]
[Site "Israel ISR"]
[Date "2018.01.05"]
[Round "1.6"]
[Board "2"]
[White "Zisman, Philip"]
[Black "Rechlis, Gad"]
[Result "0-1"]
[WhiteTitle "FM"]
[BlackTitle "GM"]
[WhiteElo "2305"]
[BlackElo "2525"]
[WhiteTeam "Jerusalem Tenth"]
[BlackTeam "Hapoel Petah Tikva"]
[WhiteFideId "2805197"]
[BlackFideId "2800047"]
[EventDate "2018.01.05"]

1. e4 c5 2. Nf3 d6 3. d4 cxd4 4. Nxd4 Nf6 5. Nc3 Nc6 6. Be2 g6 7. Be3 Bg7 8. Qd2
O-O 9. h4 d5 10. exd5 Nxd5 11. Nxd5 Qxd5 12. Bf3 Qe5 13. Nxc6 bxc6 14. O-O Ba6
15. Rfd1 Qxb2 16. Rab1 Qxa2 17. Bxc6 Rac8 18. Be4 Qa4 19. Qb4 Qxb4 20. Rxb4 Be2
21. Rd7 a5 22. Rbb7 Bf6 23. Ra7 a4 24. Rdb7 Rc4 25. f3 Bxh4 26. g3 Bf6 27. Kf2
Bd1 28. Bd3 Rc3 29. Bd2 Rcc8 30. Rxa4 Bxc2 31. Ra3 Rfd8 32. Ke2 h5 33. g4 h4 34.
g5 Bg7 35. Rb4 h3 36. Rh4 Bb2 37. Bxc2 Bxa3 38. Be4 Bc1 39. Ba5 Bxg5 40. Rxh3
Rd4 41. Rh1 Ra4 0-1

[Event "TCh-ISR 2018"]
[Site "Israel ISR"]
[Date "2018.01.05"]
[Round "1.6"]
[Board "3"]
[White "Manor, Ilan"]
[Black "Slonimskij, Arkadij"]
[Result "1-0"]
[WhiteTitle "GM"]
[WhiteElo "2453"]
[BlackElo "2128"]
[WhiteTeam "Hapoel Petah Tikva"]
[BlackTeam "Jerusalem Tenth"]
[WhiteFideId "2800110"]
[BlackFideId "4113420"]
[EventDate "2018.01.05"]

1. e4 Nf6 2. e5 Nd5 3. d4 d6 4. Nf3 Bg4 5. Be2 c6 6. Ng5 Bf5 7. e6 fxe6 8. Bg4
Qd7 9. O-O Nf6 10. Bxf5 exf5 11. Re1 Na6 12. c4 Nc7 13. Nc3 g6 14. Qb3 Rb8 15.
c5 d5 16. Bf4 Nh5 17. Bd6 h6 18. Nf3 Bg7 19. Nh4 Bf6 20. Nxg6 Rh7 21. Qd1 Ng7
22. Qf3 Kf7 23. Rxe7+ Bxe7 24. Ne5+ Ke8 25. Nxd7 Kxd7 26. Bxc7 Ra8 1-0

[Event "TCh-ISR 2018"]
[Site "Israel ISR"]
[Date "2018.01.05"]
[Round "1.6"]
[Board "6"]
[White "Lukin, Elisha"]
[Black "Botvinnik, Mikhail"]
[Result "0-1"]
[WhiteElo "2133"]
[BlackElo "2368"]
[WhiteTeam "Jerusalem Tenth"]
[BlackTeam "Hapoel Petah Tikva"]
[WhiteFideId "2813262"]
[BlackFideId "2805650"]
[EventDate "2018.01.05"]

1. d4 Nf6 2. c4 e6 3. Nc3 Bb4 4. Nf3 b6 5. e3 Ne4 6. Qc2 Bb7 7. Bd3 f5 8. O-O
Bxc3 9. bxc3 O-O 10. Nd2 Nxd2 11. Bxd2 Nc6 12. e4 fxe4 13. Bxe4 Qh4 14. Rae1 Na5
15. Bxb7 Nxb7 16. Re3 Nd6 17. Qd3 Rf5 18. f4 Rxf4 19. Rxf4 Qxf4 20. c5 bxc5 21.
dxc5 Nc4 22. Re2 Nxd2 23. Qxd2 Qc4 24. Rf2 Rb8 25. h3 Qxc5 26. Qc2 Ra8 0-1

[Event "TCh-ISR 2018"]
[Site "Israel ISR"]
[Date "2018.01.19"]
[Round "3.1"]
[Board "1"]
[White "Rodshtein, Maxim"]
[Black "Reshef, Omer"]
[Result "1/2-1/2"]
[WhiteTitle "GM"]
[BlackTitle "IM"]
[WhiteElo "2693"]
[BlackElo "2467"]
[WhiteTeam "Beer-Sheva"]
[BlackTeam "HaOmerim Kiryat Ono"]
[WhiteFideId "2806851"]
[BlackFideId "2804336"]
[EventDate "2018.01.05"]

1. d4 d5 2. c4 c6 3. Nf3 Nf6 4. e3 Bf5 5. Nc3 e6 6. Nh4 Be4 7. f3 Bg6 8. Qb3 Qc7
9. Bd2 Be7 10. g3 O-O 11. Rc1 Qb6 12. Kf2 Nbd7 13. Nxg6 hxg6 14. cxd5 Qxb3 15.
axb3 cxd5 16. Na4 Rfc8 17. Bd3 Ne8 18. b4 Nd6 19. Nc5 Nf6 20. b3 b6 21. Na6 Nfe8
22. b5 f5 23. h3 Kf7 24. g4 Bf6 25. Ke2 Rxc1 26. Rxc1 Rc8 27. Rxc8 Nxc8 28. Nb8
Be7 29. Nc6 Bd6 30. Be1 Kf6 31. Bh4+ g5 32. Be1 g6 33. Kf2 Kf7 34. Kg2 Nf6 35.
Ne5+ Bxe5 36. dxe5 Nd7 37. Bc3 Ne7 38. Kg3 Kg7 39. Bc2 Kf7 40. Kf2 Ng8 41. Ke2
Ne7 42. Kd3 Kg7 43. b4 Ng8 44. Bb3 Kf7 45. Kd4 Ne7 46. Bd2 Nf8 47. Be1 Nh7 48.
Kd3 Nf8 49. Ke2 Nd7 50. Bc3 Nf8 51. Kf2 Nd7 52. Kg3 Nf8 53. Bc2 Nh7 54. Be1 Nf8
55. f4 gxf4+ 56. exf4 Nd7 57. Bc3 Nf8 58. Kf3 Nh7 59. Bd2 Kg7 60. Ke3 Kf7 61.
Be1 Ke8 62. Bh4 Kf7 63. Bd3 fxg4 64. hxg4 g5 65. Bxg5 Nxg5 66. fxg5 Ng6 67. Kd4
Nh4 68. Ke3 Ng2+ 69. Kd4 Nh4 70. Ke3 Ng2+ 71. Kd4 Nh4 1/2-1/2

[Event "TCh-ISR 2018"]
[Site "Israel ISR"]
[Date "2018.01.19"]
[Round "3.1"]
[Board "2"]
[White "Tratatovici, Dan"]
[Black "Postny, Evgeny"]
[Result "0-1"]
[BlackTitle "GM"]
[WhiteElo "2208"]
[BlackElo "2574"]
[WhiteTeam "HaOmerim Kiryat Ono"]
[BlackTeam "Beer-Sheva"]
[WhiteFideId "2806428"]
[BlackFideId "2804344"]
[EventDate "2018.01.05"]

1. d4 d5 2. c4 dxc4 3. e3 Nf6 4. Bxc4 e6 5. Nf3 a6 6. Bb3 b5 7. a4 b4 8. a5 Be7
9. O-O O-O 10. Qe2 Bb7 11. Rd1 c5 12. Nbd2 Qc7 13. e4 cxd4 14. e5 Nfd7 15. Ne4
Bxe4 16. Qxe4 Nc5 17. Qc2 d3 18. Qc4 Nc6 19. Bg5 Rfc8 20. Ba4 Nxa4 21. Rxa4 Bxg5
22. Nxg5 Qxe5 0-1

[Event "TCh-ISR 2018"]
[Site "Israel ISR"]
[Date "2018.01.19"]
[Round "3.1"]
[Board "3"]
[White "Roiz, Michael"]
[Black "Tifferet, Shaked"]
[Result "1-0"]
[WhiteTitle "GM"]
[BlackTitle "FM"]
[WhiteElo "2614"]
[BlackElo "2294"]
[WhiteTeam "Beer-Sheva"]
[BlackTeam "HaOmerim Kiryat Ono"]
[WhiteFideId "2804158"]
[BlackFideId "2811529"]
[EventDate "2018.01.05"]

1. Nf3 Nf6 2. c4 b6 3. d4 e6 4. g3 Bb7 5. Bg2 Bb4+ 6. Bd2 Bxd2+ 7. Qxd2 O-O 8.
O-O d6 9. Qd3 Be4 10. Qe3 Nbd7 11. Nc3 Bb7 12. Rfd1 a6 13. Qd3 Qe7 14. Rac1 Rfb8
15. b4 a5 16. b5 e5 17. Qc2 exd4 18. Nxd4 Bxg2 19. Kxg2 Re8 20. e4 Nc5 21. f3 g6
22. Qd2 Qf8 23. Re1 Ne6 24. Nc6 Nd8 25. Nd4 Ne6 26. Nc2 Nc5 27. Re2 Rac8 28.
Rce1 Rcd8 29. Nd4 Ne6 30. Nc6 Rc8 31. Nd5 Nd7 32. f4 Kh8 33. Rf1 Nec5 34. e5
dxe5 35. fxe5 Qg7 36. Nde7 Ra8 37. Qd5 Rf8 38. Ref2 f5 39. exf6 Rxf6 40. Rxf6
Nxf6 41. Qe5 Nfe4 42. Qxg7+ Kxg7 43. Nd5 Nd6 44. Nxc7 Rc8 45. Nd5 Na4 46. Re1
Rf8 47. Nxb6 Nxb6 48. c5 Ndc8 49. cxb6 Nxb6 50. Re7+ Kh6 51. h4 Nc4 52. g4 g5
53. Re6+ Kg7 54. hxg5 Rf4 55. Kg3 Rf1 56. Re7+ Kg8 57. Rc7 Nd6 58. b6 Rb1 59.
Ne7+ Kf8 60. Nd5 Rb5 61. Nf6 a4 62. Nxh7+ Ke8 63. Nf6+ Kf8 64. g6 1-0

[Event "TCh-ISR 2018"]
[Site "Israel ISR"]
[Date "2018.01.19"]
[Round "3.1"]
[Board "5"]
[White "Greenfeld, Alon"]
[Black "Philosoph, Assi"]
[Result "1-0"]
[WhiteTitle "GM"]
[WhiteElo "2521"]
[BlackElo "2143"]
[WhiteTeam "Beer-Sheva"]
[BlackTeam "HaOmerim Kiryat Ono"]
[WhiteFideId "2800039"]
[BlackFideId "2807408"]
[EventDate "2018.01.05"]

1. d4 d6 2. Nf3 g6 3. g3 Bg7 4. Bg2 c5 5. c3 Qb6 6. a4 Nc6 7. a5 Qb5 8. O-O Nf6
9. e4 O-O 10. Re1 cxd4 11. Nxd4 Qh5 12. a6 Qxd1 13. Rxd1 Nxd4 14. cxd4 e5 15.
Na3 bxa6 16. Nc4 Ne8 17. Bg5 f6 18. Be3 Rb8 19. dxe5 dxe5 20. Bc5 Be6 21. Bxf8
Bxf8 22. Rdc1 Bc5 23. Nxe5 Bxf2+ 24. Kxf2 Rxb2+ 25. Kg1 fxe5 26. Rxa6 Rb6 27.
Rxa7 Nd6 28. h4 Nf7 29. Bf1 Kg7 30. Rc2 h6 31. Kh2 g5 32. Bc4 Rc6 33. Bb3 Rxc2+
34. Bxc2 Kf6 35. Ra6 Ke7 36. Ra5 Kf6 37. Kg2 Nd8 38. Ra6 Ke7 39. Rb6 Nf7 40. Bb3
Bxb3 41. Rxb3 Nd6 42. hxg5 hxg5 43. Kf3 g4+ 44. Kxg4 Nxe4 45. Kf5 Nc5 46. Rb5 1-0

[Event "TCh-ISR 2018"]
[Site "Israel ISR"]
[Date "2018.01.19"]
[Round "3.1"]
[Board "6"]
[White "Aharonovich, Itamar"]
[Black "Mikhalevski, Victor"]
[Result "1/2-1/2"]
[WhiteTitle "FM"]
[BlackTitle "GM"]
[WhiteElo "2276"]
[BlackElo "2538"]
[WhiteTeam "HaOmerim Kiryat Ono"]
[BlackTeam "Beer-Sheva"]
[WhiteFideId "2814501"]
[BlackFideId "2801914"]
[EventDate "2018.01.05"]

1. d4 Nf6 2. c4 g6 3. Nc3 Bg7 4. e4 d6 5. Nf3 O-O 6. Be2 Nbd7 7. O-O e5 8. Be3
Ng4 9. Bg5 f6 10. Bc1 c6 11. h3 Nh6 12. Re1 f5 13. dxe5 Nxe5 14. Nxe5 dxe5 15.
exf5 gxf5 16. Qxd8 Rxd8 17. Bg5 Re8 18. Rad1 Nf7 19. Be3 Be6 20. f3 Nh8 21. Na4
Ng6 22. Nc5 Bc8 23. b3 Kf7 24. Nd3 Bf6 25. Nf2 Nf4 26. Nd3 Ng6 27. Nf2 h5 28.
Bf1 h4 29. Nd3 Bd8 30. Kh1 Bc7 31. c5 Be6 32. Nb2 Rad8 33. Nc4 Rxd1 34. Rxd1 Kf6
35. Kg1 Rg8 36. Bc1 Nf4 37. Kh1 Bxc4 38. Bxc4 Rg7 39. Bxf4 exf4 40. Kg1 Re7 41.
Kf2 Ba5 42. Rd6+ Kg5 43. Re6 Rc7 44. Ke2 Bb4 45. Bd3 Rf7 46. Bc4 Rg7 47. Bd3 Bc3
48. Re8 Kf6 49. Kf1 Rd7 50. Ke2 Kf7 51. Rb8 Re7+ 52. Kd1 Ke6 53. Kc2 Bb4 54. Rf8
Rg7 55. Rg8 Re7 56. Rf8 Bxc5 57. Rxf5 Be3 58. Rf8 Kd6 59. Rh8 Rg7 60. Bf1 Rg5
61. Rd8+ Kc7 62. Rh8 Rd5 63. Rh7+ Kb6 64. Bd3 Bf2 65. Rf7 Be3 66. Rh7 Rg5 67.
Bf1 Bf2 68. Rf7 Bg3 69. Re7 a5 70. a4 Bf2 71. Rf7 Be3 72. Rh7 Bf2 73. Rf7 Bg3
74. Re7 Ka7 75. Bd3 Bh2 76. Bf1 Kb8 77. Rh7 Rc5+ 78. Kd2 Bg1 79. Rh8+ Ka7 80.
Rxh4 Be3+ 81. Kd3 Rc1 82. Be2 Rb1 83. Kc2 Ra1 84. Bc4 Ra2+ 85. Kd3 Rxg2 86. Rh7
Rg5 87. h4 Re5 88. h5 Bc5 89. Kd2 Bb4+ 90. Kd1 Re3 91. Rf7 Rxf3 92. h6 Rh3 93.
Rxf4 Rxh6 94. Rf7 Rh2 95. Rd7 Kb6 96. Be2 Kc5 97. Rxb7 Kd4 98. Rd7+ Kc3 99. Bc4
Kb2 100. Rd3 Bc3 101. Rd7 c5 102. Rd3 Rg2 103. Rd7 Rf2 104. Rd5 Bd4 105. Rh5 Bc3
106. Rd5 Bd4 107. Rh5 Rf3 108. Rh2+ Kc3 109. Rh6 Re3 110. Rh2 Rf3 111. Ke2 Rg3
112. Rh7 Kc2 113. Rb7 Re3+ 114. Kf1 Kd2 115. Kg2 Be5 116. Rf7 Rg3+ 117. Kf2 Rh3
118. Kg2 Rg3+ 119. Kf2 Rg4 120. Kf3 Rh4 121. Re7 Rf4+ 122. Kg2 Re4 123. Rd7+ Kc3
124. Rb7 Rg4+ 125. Kf3 Rf4+ 126. Ke2 Re4+ 1/2-1/2

[Event "TCh-ISR 2018"]
[Site "Israel ISR"]
[Date "2018.01.19"]
[Round "3.2"]
[Board "1"]
[White "Nabaty, Tamir"]
[Black "Alterman, Boris"]
[Result "1-0"]
[WhiteTitle "GM"]
[BlackTitle "GM"]
[WhiteElo "2658"]
[BlackElo "2603"]
[WhiteTeam "HaPoel Kfar Saba"]
[BlackTeam "Rishon Letzion Feldklein"]
[WhiteFideId "2809052"]
[BlackFideId "2801906"]
[EventDate "2018.01.05"]

1. d4 d5 2. c4 Bf5 3. Nf3 Nf6 4. Bf4 e6 5. e3 Nbd7 6. Nc3 c6 7. Qb3 Qb6 8. c5
Qxb3 9. axb3 a6 10. b4 Rc8 11. h3 Be7 12. Nd2 O-O 13. Nb3 Bd8 14. Bd6 Re8 15. g4
Bc2 16. Na5 Bxa5 17. bxa5 e5 18. Kd2 Be4 19. Rg1 exd4 20. exd4 Nf8 21. Ra4 Ne6
22. g5 Nh5 23. Nxe4 dxe4 24. Rb4 Rcd8 25. Rxb7 Nxd4 26. Rg4 Nf5 27. Bxa6 Re6 28.
Kc3 e3 29. fxe3 Rxe3+ 30. Bd3 Nhg3 1-0

[Event "TCh-ISR 2018"]
[Site "Israel ISR"]
[Date "2018.01.19"]
[Round "3.2"]
[Board "2"]
[White "Baron, Tal"]
[Black "Boruchovsky, Avital"]
[Result "1-0"]
[WhiteTitle "GM"]
[BlackTitle "GM"]
[WhiteElo "2548"]
[BlackElo "2542"]
[WhiteTeam "Rishon Letzion Feldklein"]
[BlackTeam "HaPoel Kfar Saba"]
[WhiteFideId "2809958"]
[BlackFideId "2800055"]
[EventDate "2018.01.05"]

1. d4 d5 2. c4 e6 3. Nc3 Be7 4. cxd5 exd5 5. Bf4 c6 6. e3 Bf5 7. g4 Be6 8. Bd3
Nd7 9. h3 h5 10. gxh5 Ngf6 11. h6 g6 12. Qc2 Nh5 13. Nge2 Nf8 14. Be5 Rxh6 15.
O-O-O Nd7 16. Bh2 Ng7 17. Bf4 g5 18. Bg3 Nf8 19. Kb1 Qd7 20. e4 dxe4 21. Bxe4
Bf5 22. f3 Rc8 23. Be5 f6 24. Bg3 Be6 25. h4 gxh4 26. Rxh4 Rxh4 27. Bxh4 Nf5 28.
Bf2 Nd6 29. Nf4 Bf7 30. Bd3 Kd8 31. Bg3 Ne6 32. Ng6 Nxd4 33. Qa4 N6f5 34. Nxe7
Kxe7 35. Bf2 b5 36. Qa3+ Ke8 37. Ne4 Qe7 38. Bxd4 Nxd4 39. Nd6+ Kd7 40. Bf5+ Be6
41. Qxa7+ 1-0

[Event "TCh-ISR 2018"]
[Site "Israel ISR"]
[Date "2018.01.19"]
[Round "3.2"]
[Board "3"]
[White "Givon, Asaf"]
[Black "Zanan, Evgeny"]
[Result "1/2-1/2"]
[WhiteTitle "IM"]
[BlackTitle "IM"]
[WhiteElo "2470"]
[BlackElo "2482"]
[WhiteTeam "HaPoel Kfar Saba"]
[BlackTeam "Rishon Letzion Feldklein"]
[WhiteFideId "2801841"]
[BlackFideId "24101940"]
[EventDate "2018.01.05"]

1. e4 e5 2. Nf3 Nc6 3. Bc4 Bc5 4. O-O Nf6 5. d3 O-O 6. h3 d5 7. exd5 Nxd5 8. Re1
Nb6 9. Bb3 a5 10. a3 h6 11. Nc3 a4 12. Ba2 Re8 13. Ne4 Be7 14. Bd2 Nd5 15. Nc3 1/2-1/2

[Event "TCh-ISR 2018"]
[Site "Israel ISR"]
[Date "2018.01.19"]
[Round "3.2"]
[Board "4"]
[White "Kobo, Ori"]
[Black "Mindlin, Alon"]
[Result "1-0"]
[WhiteTitle "GM"]
[BlackTitle "IM"]
[WhiteElo "2477"]
[BlackElo "2459"]
[WhiteTeam "Rishon Letzion Feldklein"]
[BlackTeam "HaPoel Kfar Saba"]
[WhiteFideId "2812320"]
[BlackFideId "2800071"]
[EventDate "2018.01.05"]

1. Nf3 d5 2. g3 Nf6 3. Bg2 e6 4. c4 Be7 5. O-O O-O 6. d4 dxc4 7. Qc2 a6 8. a4
Bd7 9. Rd1 Bc6 10. Nc3 Bxf3 11. Bxf3 Nc6 12. Bxc6 bxc6 13. Bg5 Nd5 14. Bxe7 Qxe7
15. Ne4 Rfb8 16. Qxc4 Rxb2 17. Qxc6 Qe8 18. Qxe8+ Rxe8 19. e3 a5 20. Rdc1 Rb4
21. Nc5 Ra8 22. Nd3 Rb3 23. Ne5 f6 24. Nc6 Nc3 25. Rc2 Ra6 26. Nd8 Rab6 27. Rac1
Nxa4 28. Rxc7 h5 29. Kg2 Nb2 30. Re7 Kf8 31. Rcc7 a4 32. Nxe6+ Rxe6 33. Rxe6 Nd3
34. Ra6 Kg8 35. Raa7 Rb2 36. Rxg7+ Kh8 37. Rgc7 Rxf2+ 38. Kg1 1-0

[Event "TCh-ISR 2018"]
[Site "Israel ISR"]
[Date "2018.01.19"]
[Round "3.2"]
[Board "5"]
[White "Ben Artzi, Ido"]
[Black "Kaspi, Alexander"]
[Result "1/2-1/2"]
[WhiteTitle "IM"]
[BlackTitle "IM"]
[WhiteElo "2390"]
[BlackElo "2460"]
[WhiteTeam "HaPoel Kfar Saba"]
[BlackTeam "Rishon Letzion Feldklein"]
[WhiteFideId "2810913"]
[BlackFideId "2802910"]
[EventDate "2018.01.05"]

1. d4 d5 2. c4 e6 3. Nc3 a6 4. e3 Nf6 5. Nf3 Be7 6. b3 b6 7. cxd5 exd5 8. Ne5
O-O 9. Bd3 Bb7 10. Qc2 c5 11. O-O Nc6 12. Nxc6 Bxc6 13. dxc5 bxc5 14. Bb2 h6 15.
Rfd1 Bd6 16. Be2 Qe7 17. Bf3 Rfd8 18. g3 Be5 19. Rac1 Rac8 20. Ba3 d4 21. Bxc6
Rxc6 22. exd4 Bxd4 23. Re1 Re6 24. Rxe6 Qxe6 25. Ne2 Bxf2+ 26. Kxf2 Ng4+ 27. Ke1
Nxh2 28. Qxc5 Nf3+ 29. Kf2 Ne5 30. Nf4 Qf5 31. Kg1 Qe4 32. Bb4 Nf3+ 33. Kf2 Nh2
34. Kg1 Nf3+ 35. Kf2 Nd4 36. Rc3 Ne6 37. Qe3 Qxb4 38. Nxe6 fxe6 39. Qxe6+ Kh8
40. Rc2 a5 41. Kg2 Qb7+ 42. Kh2 1/2-1/2

[Event "TCh-ISR 2018"]
[Site "Israel ISR"]
[Date "2018.01.19"]
[Round "3.2"]
[Board "6"]
[White "Liss, Eran"]
[Black "Finkel, Alexander"]
[Result "0-1"]
[WhiteTitle "GM"]
[BlackTitle "GM"]
[WhiteElo "2437"]
[BlackElo "2489"]
[WhiteTeam "Rishon Letzion Feldklein"]
[BlackTeam "HaPoel Kfar Saba"]
[WhiteFideId "2800721"]
[BlackFideId "2801957"]
[EventDate "2018.01.05"]

1. e4 g6 2. d4 Bg7 3. Nc3 c6 4. Bc4 d6 5. Qf3 e6 6. Nge2 Nd7 7. a4 Qe7 8. Qg3 e5
9. dxe5 Nxe5 10. Ba2 Nf6 11. Bg5 h6 12. Bxf6 Bxf6 13. O-O-O Bh4 14. Qe3 Ng4 15.
Qd4 Bf6 16. Qxd6 Nxf2 17. Rhf1 Nxd1 18. Qxf6 Qxf6 19. Rxf6 Nxc3 20. Nxc3 Rf8 21.
e5 Bf5 22. b4 Ke7 23. b5 Rac8 24. Kb2 Rc7 25. h3 h5 26. Bb3 Kd8 27. a5 a6 28.
bxa6 bxa6 29. Ne2 Be4 30. Nf4 Ke7 31. g4 h4 32. Kc3 g5 33. Nh5 Bg2 34. Ng7 Bxh3
35. Nf5+ Kd8 36. Ne3 Re7 37. e6 Rh8 38. Rf2 Kc7 39. Rh2 Bxg4 40. Nxg4 f5 41. Ne3
Rf8 42. Bc4 Kd6 43. Kd2 Rh7 44. Bd3 Kxe6 45. Re2 Rhf7 46. Nxf5+ Kd7 47. Ne3 Rf4
48. Rg2 Rf2+ 49. Rxf2 Rxf2+ 50. Ke1 Rf4 51. Bxa6 Ra4 52. Bd3 Rxa5 53. Kf2 Ke6
54. Kf3 Ra4 55. Bf5+ Ke5 56. Bd7 Rf4+ 57. Ke2 c5 58. Bc8 Rf8 59. Bh3 Kd4 60.
Nf5+ Ke5 61. Ne3 Ke4 62. Bd7 Rd8 63. Ng4 Kf4 64. Nf6 Rh8 65. Kf2 h3 66. Kg1 Rh6
67. Nd5+ Kg3 68. Ne3 Kf3 69. Nf1 Rh7 70. Bf5 Rh8 71. Kh2 g4 72. Ng3 Rd8 73. Bd3
Re8 74. Nf1 Re1 75. Nd2+ Kf4 76. Nf1 Rd1 77. Be2 Rc1 78. Bd3 c4 0-1

[Event "TCh-ISR 2018"]
[Site "Israel ISR"]
[Date "2018.01.19"]
[Round "3.3"]
[Board "1"]
[White "Kravtsiv, Martyn"]
[Black "Shachar, Ehud"]
[Result "1-0"]
[WhiteTitle "GM"]
[BlackTitle "IM"]
[WhiteElo "2679"]
[BlackElo "2401"]
[WhiteTeam "Elizur Dov Petah Tikva"]
[BlackTeam "HaPoel Kfar Saba Bet"]
[WhiteFideId "14113147"]
[BlackFideId "2802198"]
[EventDate "2018.01.05"]

1. e4 e6 2. d4 d5 3. Nd2 Nc6 4. Ngf3 Nf6 5. e5 Nd7 6. a4 a5 7. Nb3 b6 8. Ng5 h6
9. Nh3 g6 10. Nf4 Bg7 11. h4 h5 12. c3 Qe7 13. Bd3 Nf8 14. Be3 Bb7 15. Qe2 O-O-O
16. O-O-O Kb8 17. Nd2 f6 18. exf6 Bxf6 19. Nf3 e5 20. dxe5 Nxe5 21. Bd4 Nxd3+
22. Qxd3 Bxd4 23. Qxd4 Rg8 24. Rhe1 Qd7 25. g3 Ka7 26. Ng5 Nh7 27. Nxh7 Qxh7 28.
Re5 c5 29. Qd2 d4 30. c4 Qf7 31. b3 Rge8 32. Rde1 Rxe5 33. Rxe5 Re8 34. Qe1 Rxe5
35. Qxe5 Bc8 36. Qd6 Qe8 37. Kd2 d3 38. Qxg6 Qe5 39. Qxd3 Bf5 1-0

[Event "TCh-ISR 2018"]
[Site "Israel ISR"]
[Date "2018.01.19"]
[Round "3.3"]
[Board "2"]
[White "Zilberman, Yaacov"]
[Black "Oratovsky, Michael"]
[Result "1/2-1/2"]
[WhiteTitle "GM"]
[BlackTitle "GM"]
[WhiteElo "2367"]
[BlackElo "2445"]
[WhiteTeam "HaPoel Kfar Saba Bet"]
[BlackTeam "Elizur Dov Petah Tikva"]
[WhiteFideId "2801612"]
[BlackFideId "2802090"]
[EventDate "2018.01.05"]

1. d4 d6 2. Nf3 g6 3. c4 Bg7 4. e4 Nd7 5. Nc3 e5 6. Be2 Ngf6 7. O-O O-O 8. Qc2
c6 9. Rd1 Qe7 10. Bg5 h6 11. Bh4 g5 12. dxe5 dxe5 13. Bg3 Nh5 14. Nd2 Nf4 15.
Nf1 f5 16. exf5 Nc5 17. Ne3 e4 18. Rd2 Bxf5 19. Rad1 Bg6 20. h3 Ncd3 21. a3 a5
22. Bf1 Rae8 23. Qb1 Rf7 24. Qc2 Ref8 25. Qa4 Qc5 26. Qc2 Bd4 27. Ng4 Bg7 28.
Bxf4 Nxf4 29. Nxe4 Qe7 30. f3 c5 31. Re1 Kh8 32. Qd1 Qc7 33. b3 Re7 1/2-1/2

[Event "TCh-ISR 2018"]
[Site "Israel ISR"]
[Date "2018.01.19"]
[Round "3.3"]
[Board "3"]
[White "Bykhovsky, Avigdor"]
[Black "Erenberg, Ariel"]
[Result "1/2-1/2"]
[WhiteTitle "GM"]
[BlackTitle "IM"]
[WhiteElo "2423"]
[BlackElo "2382"]
[WhiteTeam "Elizur Dov Petah Tikva"]
[BlackTeam "HaPoel Kfar Saba Bet"]
[WhiteFideId "4101057"]
[BlackFideId "2811634"]
[EventDate "2018.01.05"]

1. Nf3 Nf6 2. c4 e6 3. g3 d5 4. Bg2 dxc4 5. Qa4+ c6 6. Qxc4 b5 7. Qb3 Bb7 8. O-O
Nbd7 9. d4 a6 10. a4 Be7 11. Rd1 O-O 12. Bg5 Qb6 13. Nc3 b4 14. Ne4 c5 15. Nxf6+
Nxf6 16. Ne5 Bxg2 17. Kxg2 cxd4 18. Qf3 Qd6 19. Bf4 Nd5 20. Nc4 Nxf4+ 21. gxf4
Qd8 22. Ne5 Bf6 23. Qe4 Bxe5 1/2-1/2